000 00283nam a2200109Ia 4500
008 190912s9999||||xx |||||||||||||| ||und||
100 _aFredrick Angles
245 0 _aKhandan : Zaati Milkeat aur Riyasat Ka Aghaz
260 _aKarachi
_bFiction House
_c2016
300 _a258
942 _cBK
999 _c7413
_d7413